Từ điển Nga - Việt. T2

Αποθηκεύτηκε σε:
Λεπτομέρειες βιβλιογραφικής εγγραφής
Κύριος συγγραφέας: K M Alikanov
Μορφή: Βιβλίο
Γλώσσα:Undetermined
Έκδοση: Moscow Russky Jazyk 1977
Θέματα:
Ετικέτες: Προσθήκη ετικέτας
Δεν υπάρχουν, Καταχωρήστε ετικέτα πρώτοι!
Thư viện lưu trữ: Trung tâm Học liệu Trường Đại học Cần Thơ
LEADER 00556nam a2200181Ia 4500
001 CTU_26136
008 210402s9999 xx 000 0 und d
082 |a 491.7003 
082 |b A398/T2 
100 |a K M Alikanov 
245 0 |a Từ điển Nga - Việt. T2 
245 0 |c K M Alikanov, I A Malkhanova, V V Ivanov 
260 |a Moscow 
260 |b Russky Jazyk 
260 |c 1977 
650 |a russian language - dictionaries,vietnamese language - dictionaries 
904 |i Minh, 981008 
980 |a Trung tâm Học liệu Trường Đại học Cần Thơ